Identifikace soustav /

Gespeichert in:
Bibliographische Detailangaben
1. Verfasser: Soukup, Jan (Verfasst von)
Format: Buch
Sprache:Tschechisch
Veröffentlicht: Praha : SNTL, 1990
Tags: Tag hinzufügen
Keine Tags, Fügen Sie das erste Tag hinzu!

MARC

LEADER 00000nam a22000003a 4500
001 stu30921
005 20150617225702.0
008 930126s1990----cs------------------cze-d
020 |a 80-03-00494-2 
040 |a STU  |b slo 
041 0 |a cze 
044 |a cs 
080 |a 519.85  |7 stu_us_auth*stu8233 
100 1 |a Soukup, Jan  |4 aut 
245 1 |a Identifikace soustav /  |c [aut.] Soukup,Jan 
260 |a Praha :  |b SNTL,  |c 1990 
300 |a 160 s 
996 |b J87473  |c J*87473  |l JJK14  |s P  |a 0  |w stu30921_0001 
996 |b J87481  |c J*87481  |l JJK14  |s P  |a 0  |w stu30921_0002 
996 |b 284EK90916  |c E* 90916  |l EE01  |s A  |a 24  |w stu30921_0003